Famous Foursomes Quiz Stats

 Plays Quiz Updated Oct 16, 2017

Score 0/80 Timer 10:00
37 Plays Today
Group Answer % Correct
Seasons of the YearWinter
99%
Seasons of the YearSummer
99%
Seasons of the YearSpring
99%
Seasons of the YearFall
98.9%
Playing Card SuitsHearts
97.1%
Playing Card SuitsSpades
96.4%
Playing Card SuitsDiamonds
96%
Playing Card SuitsClubs
94.1%
Cardinal DirectionsNorth
91.2%
Cardinal DirectionsSouth
91.2%
Cardinal DirectionsEast
91.1%
Cardinal DirectionsWest
91.1%
New Testament GospelsJohn
89.4%
Classical ElementsAir
88.8%
Mathematical OperationsAddition
88.4%
Mathematical OperationsDivision
88%
Mathematical OperationsSubtraction
87.8%
Mathematical OperationsMultiplication
87.5%
Faces on Mt. RushmoreGeorge Washington
87.2%
States of MatterLiquid
87%
Classical ElementsWater
87%
States of MatterSolid
86.9%
States of MatterGas
86.6%
Classical ElementsFire
85.7%
Basic Food GroupsFruits & Vegetables
85.3%
Basic Food GroupsMeats
85.2%
The BeatlesJohn Lennon
84.5%
Classical ElementsEarth
83%
Faces on Mt. RushmoreAbraham Lincoln
82.2%
The BeatlesRingo Starr
81.4%
The BeatlesPaul McCartney
81.1%
Basic Food GroupsGrains
78.3%
New Testament GospelsLuke
75.3%
Basic Food GroupsDairy
73.9%
New Testament GospelsMark
72.9%
New Testament GospelsMatthew
72.3%
Sections of an OrchestraPercussion
70.1%
Sections of an OrchestraBrass
69.7%
Sections of an OrchestraStrings
69.6%
The BeatlesGeorge Harrison
68.7%
Group Answer % Correct
Faces on Mt. RushmoreTheodore Roosevelt
68%
Teenage Mutant Ninja TurtlesDonatello
67.5%
'Four Corners' StatesColorado
67.5%
Teenage Mutant Ninja TurtlesLeonardo
67.2%
Faces on Mt. RushmoreThomas Jefferson
65.5%
'Four Corners' StatesNew Mexico
65.4%
'Four Corners' StatesUtah
65.1%
'Four Corners' StatesArizona
65%
Teenage Mutant Ninja TurtlesMichelangelo
64.9%
Sections of an OrchestraWoodwinds
62.6%
Teenage Mutant Ninja TurtlesRaphael
61.5%
Fundamental ForcesGravitation
58.6%
Sex & The City GalsCarrie Bradshaw
54.5%
Sex & The City GalsSamantha Jones
54.4%
States of MatterPlasma
51.7%
The Marx BrothersGroucho
51.3%
The Fantastic FourThe Thing
48.9%
Horsemen of the ApocalypseDeath
46.8%
The Fantastic FourInvisible Woman
43.4%
The Fantastic FourMr. Fantastic
41.8%
Sex & The City GalsMiranda Hobbes
39.4%
The Fantastic FourHuman Torch
38.3%
The Marx BrothersHarpo
37.4%
Sex & The City GalsCharlotte York
36.1%
Horsemen of the ApocalypseFamine
34.6%
Horsemen of the ApocalypsePestilence
32.3%
The MonkeesDavy Jones
29.9%
Horsemen of the ApocalypseWar
29.5%
The Marx BrothersZeppo
23.6%
The Marx BrothersChico
19.7%
Fundamental ForcesStrong
19.1%
Fundamental ForcesWeak
18.9%
Fundamental ForcesElectromagnetic
18.3%
Tarot Card SuitsSwords
17.3%
Tarot Card SuitsCups
17.3%
The MonkeesPeter Tork
16.8%
The MonkeesMicky Dolenz
15.9%
The MonkeesMichael Nesmith
14.5%
Tarot Card SuitsWands
12%
Tarot Card SuitsPentacles
11.3%

You're not logged in!

Compare scores with friends on all Sporcle quizzes.
OR
Log In

Show Comments

Extras

Top Quizzes Today


Score Distribution

Your Account Isn't Verified!

In order to create a playlist on Sporcle, you need to verify the email address you used during registration. Go to your Sporcle Settings to finish the process.

Report this User

Report this user for behavior that violates our Community Guidelines.

Details: